ՀՀ Գիտությունների ազգային ակադեմիայի հիմնարար գիտական գրադարան  =   Fundamental Scientific Library of NAS RA

Данные геофизических наблюдений Полярной геокосмофизической обсерватории Тикси : (Record no. 242189)

MARC details
000 -LEADER
fixed length control field 00980nam a2200193 a 4500
001 - CONTROL NUMBER
control field 000662121
003 - CONTROL NUMBER IDENTIFIER
control field AM-YeHGA
005 - DATE AND TIME OF LATEST TRANSACTION
control field 20250617141628.0
008 - FIXED-LENGTH DATA ELEMENTS--GENERAL INFORMATION
fixed length control field 090529s1986 ||| r 000 0 rus d
040 ## - CATALOGING SOURCE
Original cataloging agency AM-YeHGA
041 0# - LANGUAGE CODE
Language code of text/sound track or separate title rus
090 ## - LOCALLY ASSIGNED LC-TYPE CALL NUMBER (OCLC); LOCAL CALL NUMBER (RLIN)
-- 243769
245 00 - TITLE STATEMENT
Title Данные геофизических наблюдений Полярной геокосмофизической обсерватории Тикси :
Remainder of title Июль-декабрь 1978 года /
Statement of responsibility, etc. АН СССР, Сиб. отд-ние, Якут. фил., Ин-т космофиз. исслед. и аэрономии; Отв. ред. А.М. Новиков.
260 ## - PUBLICATION, DISTRIBUTION, ETC.
Place of publication, distribution, etc. Якутск :
Name of publisher, distributor, etc. ЯФ СО АН СССР,
Date of publication, distribution, etc. 1986.
300 ## - PHYSICAL DESCRIPTION
Extent 196 с.
653 0# - INDEX TERM--UNCONTROLLED
Uncontrolled term Геофизические исследования - Якут. АССР
700 1# - ADDED ENTRY--PERSONAL NAME
Personal name Новиков, А.М.
Relator term ред.
Relationship edt
710 2# - ADDED ENTRY--CORPORATE NAME
Corporate name or jurisdiction name as entry element Институт космофизических исследований и аэрономии СО АН СССР
Holdings
Withdrawn status Lost status Damaged status Not for loan Collection Home library Current library Date acquired Total checkouts Full call number Barcode Date last seen Price effective from Koha item type Public note
        General Fundamental Scientific Library Fundamental Scientific Library 29/12/2016   PII/566144 FL0114531 29/12/2016 29/12/2016 Գրքեր / Books 30 Days Loan


ՀՀ ԳԱԱ հիմնարար գիտական գրադարան
ՀՀ,Երևան 0019
Մարշալ Բաղրամյան 24/6
հեռախոս:(374-10) 52-47-50
Հետադարձ կապ

All site content, except where otherwise noted, is licensed under a
Creative Commons License